000 00277nam a2200109Ia 4500
008 190912s9999||||xx |||||||||||||| ||und||
100 _aHendry, Eccles
245 0 _aEuropean Cases In Strategic Management
260 _aNew Delhi
_bMcGraw-Hill
_c1993
300 _a431
942 _cBK
999 _c7793
_d7793